[Event "45th Capablanca Mem Open"]
[Site "Havana CUB"]
[Date "2010.06.10"]
[Round "1"]
[White "Gonzalez Vidal,Y"]
[Black "Perez Perez,O"]
[Result "1-0"]
[WhiteElo "2543"]
[BlackElo "2318"]
[EventDate "2010.06.10"]

1. e4 c5 2. Nf3 d6 3. d4 cxd4 4. Nxd4 Nf6 5. Nc3 g6 6. Be3 Bg7 7. Be2 Nc6
8. Qd2 O-O 9. O-O-O Nxd4 10. Bxd4 Be6 11. Kb1 Qa5 12. Bxf6 exf6 13. Nd5 Qa4
14. Qb4 Qxb4 15. Nxb4 Rfd8 16. Nd5 Kf8 17. Bc4 Rac8 18. Bb3 Rc5 19. Rhe1 b5
20. Nf4 Ke7 21. Nd3 Rg5 22. g3 Rh5 23. h4 g5 24. f3 gxh4 25. g4 Rg5 26. Nf4
a5 27. Rh1 a4 28. Bd5 h5 29. Nxh5 Bxd5 30. Rxd5 Bh6 31. Rxh4 Rxd5 32. exd5
Bg5 33. Rh1 Rh8 34. Re1+ Kd7 35. f4 Bh4 36. Rh1 1-0

[Event "45th Capablanca Mem Open"]
[Site "Havana CUB"]
[Date "2010.06.10"]
[Round "1"]
[White "Marrero Lopez,Yan"]
[Black "Janssen,Ru"]
[Result "0-1"]
[WhiteElo "2316"]
[BlackElo "2524"]
[EventDate "2010.06.10"]

1. e4 e5 2. Nf3 Nc6 3. Bb5 a6 4. Ba4 Nf6 5. O-O Be7 6. Re1 b5 7. Bb3 d6 8.
c3 O-O 9. d4 Bg4 10. d5 Na5 11. Bc2 c6 12. h3 Bc8 13. dxc6 Qc7 14. Nbd2
Qxc6 15. Nf1 Nc4 16. a4 Be6 17. Ng5 Bd7 18. Ng3 h6 19. Nf3 Rfe8 20. b3 Nb6
21. a5 Nc8 22. Bd2 Bf8 23. Nh4 Ne7 24. Qf3 d5 25. Rad1 Rad8 26. Bc1 d4 27.
Bb2 b4 28. c4 g6 29. Bc1 Nh7 30. Bd2 Ng5 31. Qe2 Qf6 32. Nf3 Nxf3+ 33. Qxf3
Qxf3 34. gxf3 Nc6 35. Kg2 d3 36. Bxd3 Bxh3+ 37. Kxh3 Rxd3 38. Be3 Rxb3 39.
Rd5 Ra3 40. Bb6 Rxf3 41. Be3 Rf6 42. Red1 Rc8 43. Kg2 Re6 44. Bb6 h5 45.
Nf1 Ne7 46. c5 Bh6 47. Rb1 Nc6 48. Rd6 Kf8 49. Rxe6 fxe6 50. Nh2 Bd2 51.
Nf3 Bc3 52. Rd1 b3 53. Nd2 Bxd2 54. Rxd2 Ke7 55. Kg3 g5 56. f3 Nd4 57. Kf2
Kd7 58. Ke3 Kc6 59. Rg2 Rf8 60. Rxg5 b2 61. Rg1 Nc2+ 0-1

[Event "45th Capablanca Mem Open"]
[Site "Havana CUB"]
[Date "2010.06.10"]
[Round "1"]
[White "Martinez Duany,L"]
[Black "Flaquer,L"]
[Result "1-0"]
[WhiteElo "2515"]
[BlackElo "2316"]
[EventDate "2010.06.10"]

1. Nf3 Nf6 2. c4 e6 3. g3 b6 4. Bg2 Bb7 5. O-O Be7 6. Nc3 O-O 7. Qc2 d5 8.
cxd5 exd5 9. d4 c5 10. Rd1 Nbd7 11. dxc5 bxc5 12. Nh4 g6 13. Bh6 Re8 14.
Nxd5 Nxd5 15. Bxd5 Bxd5 16. Rxd5 Qc8 17. Rad1 Nb6 18. Qc3 f6 19. R5d2 Qe6
20. Nf3 Qxa2 21. b3 Qa3 22. Ra1 Qb4 23. Qxb4 cxb4 24. Be3 Rec8 25. Ra6 Bc5
26. Bxc5 Rxc5 27. Rd6 Nd5 28. Rd7 g5 29. Nd4 g4 30. Nf5 Nb6 31. Nh6+ Kh8
32. Rb7 Rc6 33. Nxg4 h5 34. Ne3 Kg8 35. Ra5 Nc8 36. Rxh5 Nd6 37. Rxb4 1-0

[Event "45th Capablanca Mem Open"]
[Site "Havana CUB"]
[Date "2010.06.10"]
[Round "1"]
[White "Gil Suarez,J"]
[Black "Vera Gonzalez Quevedo,R"]
[Result "0-1"]
[WhiteElo "1752"]
[BlackElo "2515"]
[EventDate "2010.06.10"]

1. d4 Nf6 2. Nf3 d5 3. c3 g6 4. Bg5 Bg7 5. Nbd2 Nbd7 6. Bxf6 Nxf6 7. Ne5
O-O 8. e3 c5 9. Bd3 Qc7 10. O-O Nd7 11. Nxd7 Bxd7 12. f4 Qb6 13. Qb1 Bb5
14. Bxb5 Qxb5 15. Rf2 Rac8 16. Nf3 Rc7 17. h4 Qd7 18. h5 cxd4 19. exd4 Qg4
20. hxg6 hxg6 21. Nh2 Qf5 22. Qf1 Rb8 23. g4 Qd7 24. Qh3 b5 25. Nf3 b4 26.
Ng5 bxc3 27. bxc3 Rb6 28. Raf1 Qc8 29. f5 Rxc3 30. Qh7+ Kf8 31. Ne6+ Rxe6
32. fxe6 Qxe6 33. Rxf7+ Qxf7 34. Rxf7+ Kxf7 35. Kf2 Rd3 36. Qh1 Rxd4 37.
Qf3+ Kg8 38. Qa3 Re4 39. Kf3 Bd4 40. Qa5 Re3+ 41. Kg2 Re5 42. Qb5 Kg7 43.
a4 Kf6 44. Qd3 Re4 45. Qd1 Kg5 46. Kh3 e5 47. Qc1+ Re3+ 48. Kg2 Kxg4 49.
Qc6 Re2+ 50. Kf1 Rf2+ 51. Ke1 g5 52. Qxd5 Kg3 53. Qg8 g4 54. Qg6 Rf4 55.
Qg7 Kg2 56. Qb7+ Kg1 57. Qg7 Re4+ 58. Kd2 Kf2 59. Qg6 Rf4 60. Qb1 g3 61.
Qe1+ Kg2 62. Kd3 Kh2 0-1

[Event "45th Capablanca Mem Open"]
[Site "Havana CUB"]
[Date "2010.06.10"]
[Round "1"]
[White "Hevia Alejano,C"]
[Black "Pedersen,F"]
[Result "1-0"]
[WhiteElo "2507"]
[BlackElo "2315"]
[EventDate "2010.06.10"]

1. d4 d5 2. c4 c6 3. Nf3 Nf6 4. e3 g6 5. Bd3 Bg7 6. Nc3 O-O 7. h3 a6 8. O-O
b5 9. cxd5 cxd5 10. Ne2 Bb7 11. a4 b4 12. Ne5 a5 13. b3 Nbd7 14. Bb2 Qb6
15. Bb5 Qd6 16. Rc1 Rfc8 17. Qd3 Nf8 18. Rxc8 Rxc8 19. Rc1 Rxc1+ 20. Nxc1
N6d7 21. Nxd7 Nxd7 22. Qc2 Nb8 23. Nd3 Bc6 24. Ne5 Bxb5 25. Qc8+ Bf8 26.
axb5 e6 27. Qe8 f5 28. Bc1 Kg7 29. e4 Qc7 30. Bh6+ Kxh6 31. Qxf8+ Kh5 32.
g4+ Kg5 33. h4+ Kf4 34. Qh6+ Kxe4 35. Qe3+ 1-0

[Event "45th Capablanca Mem Open"]
[Site "Havana CUB"]
[Date "2010.06.10"]
[Round "1"]
[White "Larrua Gonzalez,F"]
[Black "Arencibia Rodriguez,W"]
[Result "1/2-1/2"]
[WhiteElo "2310"]
[BlackElo "2500"]
[EventDate "2010.06.10"]

1. d4 Nf6 2. Nf3 g6 3. g3 Bg7 4. Bg2 O-O 5. O-O d6 6. c4 c6 7. Nc3 Bf5 8.
Re1 Ne4 9. Qb3 Nxc3 10. bxc3 Bc8 11. e4 Nd7 12. Bg5 Re8 13. Rad1 Qa5 14.
Bf4 e5 15. Bc1 Qc7 16. Bb2 c5 17. d5 Nb6 18. Ra1 Bd7 19. a4 a5 20. Bf1 Ra6
21. Bd3 Nxa4 22. Rxa4 Rb6 23. Qa3 Rxb2 24. Rxa5 Qb6 25. Rb5 Rxb5 26. cxb5
c4 27. Bxc4 Bh6 28. Bd3 Bg4 29. Kg2 f5 30. Rf1 fxe4 31. Bxe4 Qxb5 32. Re1
Qb6 33. h3 Bd7 34. Rb1 Qc7 35. Qa7 Bc8 36. Qb6 Qd7 37. Ng1 Bg5 38. Rb4 Rf8
39. Rb2 Bc1 40. Rb3 Qa4 41. Rb4 Qa6 42. Qxa6 bxa6 43. Ra4 Rf7 44. h4 Rc7
45. c4 Rc5 46. Bd3 a5 47. Nf3 Bf5 48. Bxf5 gxf5 49. Ng5 Bd2 50. Ne6 Rc8 51.
c5 Kf7 52. cxd6 Ke8 53. Ng7+ Kd7 54. Nxf5 Rc5 55. Rg4 Rxd5 56. Rg7+ Ke6 57.
g4 a4 58. Re7+ Kf6 59. Ra7 h5 60. Ng3 hxg4 61. Rxa4 Bf4 62. Ra6 Bxg3 63.
Kxg3 Kf5 64. Rb6 Rd3+ 65. Kg2 Kf4 66. d7 e4 67. Rf6+ Ke5 68. Rf7 Ke6 69.
Rg7 Kf6 70. Rxg4 Rxd7 71. Rxe4 Kg6 72. Kg3 Rd1 73. Rg4+ Kh5 74. Rg5+ Kh6
75. Re5 Rg1+ 76. Kh2 Rg4 77. Kh3 Rg1 78. f3 Rh1+ 79. Kg4 Rg1+ 80. Kf4 Rh1
81. h5 Rh4+ 82. Ke3 Ra4 83. f4 Ra3+ 84. Ke4 Ra4+ 85. Kf3 Ra1 86. Kg4 Rg1+
87. Kf3 Ra1 88. Rg5 Rb1 89. Kg4 Rg1+ 90. Kf5 Ra1 91. Rg8 Ra5+ 92. Kg4 Ra6
93. Rh8+ Kg7 94. Re8 Ra1 95. Re6 Rg1+ 96. Kf5 Rh1 97. h6+ Kh7 98. Rf6 Ra1
99. Re6 Ra5+ 100. Kg4 Ra1 101. Kh5 Rh1+ 102. Kg5 Rg1+ 103. Kf6 Kxh6 104.
Kf7+ Kh7 105. Re7 Rf1 106. Re4 Rf2 107. Kf6 Rf1 108. f5 Rf2 109. Ke6 Kg7
110. Rg4+ Kf8 111. Rb4 Rf1 112. Kf6 Kg8 113. Rg4+ Kf8 114. Kg6 Ke7 115.
Re4+ Kf8 116. Rb4 Ke7 117. Rb7+ 1/2-1/2

[Event "45th Capablanca Mem Open"]
[Site "Havana CUB"]
[Date "2010.06.10"]
[Round "1"]
[White "Alvarez Pedraza,A"]
[Black "Mendez Fortes,E"]
[Result "1-0"]
[WhiteElo "2500"]
[BlackElo "2310"]
[EventDate "2010.06.10"]

1. d4 d5 2. c4 dxc4 3. e4 Nf6 4. e5 Nd5 5. Bxc4 Nb6 6. Bd3 Nc6 7. Be3 Nb4
8. Be4 f5 9. exf6 exf6 10. Nc3 f5 11. Bb1 Be6 12. Nf3 Be7 13. O-O O-O 14.
Re1 Bf6 15. Bg5 Re8 16. Bxf5 Bxf5 17. Qb3+ Kh8 18. Bxf6 Qxf6 19. Qxb4 h6
20. a4 a5 21. Qc5 Rec8 22. Ne5 Qf8 23. g4 Bh7 24. Re3 Qe8 25. Rae1 Nd7 26.
Qc4 Bg8 27. Qe2 Nxe5 28. dxe5 Be6 29. f4 g6 30. Rg3 Qf8 31. Qe3 Ra6 32. Rf1
Rd8 33. f5 gxf5 34. gxf5 Bc4 35. Rf2 Rd3 36. Qf4 Rxg3+ 37. hxg3 Bf7 38. e6
Be8 39. Qe5+ Kg8 40. f6 Bg6 41. f7+ Kh7 42. e7 1-0

[Event "45th Capablanca Mem Open"]
[Site "Havana CUB"]
[Date "2010.06.10"]
[Round "1"]
[White "Ordaz Valdes,L"]
[Black "Bacallao Alonso,Y"]
[Result "1/2-1/2"]
[WhiteElo "2307"]
[BlackElo "2500"]
[EventDate "2010.06.10"]

1. d4 Nf6 2. c4 g6 3. Nc3 d5 4. cxd5 Nxd5 5. Bd2 Bg7 6. e4 Nxc3 7. Bxc3 c5
8. d5 Bxc3+ 9. bxc3 O-O 10. Bc4 Qd6 11. Ne2 f5 12. exf5 Bxf5 13. O-O Nd7
14. Ng3 Nb6 15. Qb3 Qf4 16. Be2 c4 17. Qb5 Rac8 18. Rad1 Qd6 19. Rd4 Rc5
20. Qb4 Rxd5 21. Rxd5 Qxd5 22. Qxe7 Bd3 23. Rd1 Nd7 24. Ne4 Rf7 25. Qd8+
Rf8 26. Qe7 Rf7 27. Qd8+ Rf8 1/2-1/2

[Event "45th Capablanca Mem Open"]
[Site "Havana CUB"]
[Date "2010.06.10"]
[Round "1"]
[White "Gomez Garrido,C"]
[Black "Fernandez Hernandez,A"]
[Result "1-0"]
[WhiteElo "2498"]
[BlackElo "2303"]
[EventDate "2010.06.10"]

1. e4 c5 2. Nf3 d6 3. d4 cxd4 4. Nxd4 Nf6 5. Nc3 a6 6. Bg5 e6 7. f4 Qb6 8.
a3 Nbd7 9. f5 Ne5 10. fxe6 fxe6 11. Bxf6 gxf6 12. Qh5+ Ng6 13. O-O-O Qc5
14. Qe2 Bh6+ 15. Kb1 Bf4 16. Nf3 Bd7 17. e5 f5 18. exd6 O-O 19. h4 Kh8 20.
Ng5 Qe5 21. Qh5 Qg7 22. Bc4 Rae8 23. Bb3 Be5 24. Rhe1 h6 25. Nh3 Bg3 26.
Rf1 Rf6 27. Qf3 Ne5 28. Qxb7 Bc6 29. Qxg7+ Kxg7 30. Nf4 Kf8 31. Nh5 Rg6 32.
Nxg3 Rxg3 33. Ne2 Re3 34. Nf4 Nd7 35. Rde1 Rxb3 36. cxb3 Kf7 37. g4 Bb5 38.
Rf2 Nc5 39. Rc2 Ne4 40. Rc7+ Kg8 41. gxf5 1-0

[Event "45th Capablanca Mem Open"]
[Site "Havana CUB"]
[Date "2010.06.10"]
[Round "1"]
[White "Vigoa Apecheche,Yan"]
[Black "Fernando,D"]
[Result "1/2-1/2"]
[WhiteElo "2302"]
[BlackElo "2494"]
[EventDate "2010.06.10"]

1. d4 Nf6 2. Nf3 d6 3. c4 Nbd7 4. Nc3 e5 5. g3 Be7 6. Bg2 O-O 7. O-O c6 8.
e4 a6 9. Re1 Qc7 10. Qc2 b5 11. dxe5 dxe5 12. a3 Nb6 13. cxb5 cxb5 14. Bg5
Be6 15. Rac1 Rac8 16. Qb1 Qb8 17. Nd5 Nbxd5 18. exd5 Bxd5 19. Nxe5 Bxg2 20.
Kxg2 Qb7+ 21. Nf3 h6 22. Bd2 Rxc1 23. Bxc1 Rd8 24. Qc2 a5 25. h3 a4 26. Bd2
Rc8 27. Rxe7 Qxf3+ 28. Kxf3 Rxc2 29. Bc3 Nd5 30. Re8+ Kh7 31. Re2 Rc1 32.
Re1 Rxe1 33. Bxe1 f5 34. Ke2 Ne7 35. Ke3 Nc6 36. Bc3 g5 37. f3 Kg6 38. g4
h5 39. Kd3 Nd8 1/2-1/2

[Event "45th Capablanca Mem Open"]
[Site "Havana CUB"]
[Date "2010.06.10"]
[Round "1"]
[White "Galego,L"]
[Black "Hernandez Fernandez,Ra"]
[Result "1/2-1/2"]
[WhiteElo "2488"]
[BlackElo "2301"]
[EventDate "2010.06.10"]

1. e4 c5 2. Nf3 Nc6 3. Bb5 g6 4. O-O Bg7 5. c3 Nf6 6. Re1 O-O 7. h3 d6 8.
d4 d5 9. exd5 Qxd5 10. c4 Qd6 11. d5 Nd4 12. Nc3 a6 13. Ba4 b5 14. cxb5
Nxd5 15. Ne4 Qb6 16. Nxd4 cxd4 17. bxa6 Bxa6 18. Bb3 Bb7 19. Bg5 h6 20. Bh4
Kh7 21. Rc1 Rac8 22. Rxc8 Rxc8 23. Bg3 Qc6 24. Qf3 f5 25. Nd2 e5 26. Bxe5
Re8 27. Bxd5 Qxd5 28. Qxd5 Bxd5 29. f4 g5 30. Kf2 Bxe5 31. Rxe5 Rxe5 32.
fxe5 f4 33. Nf3 d3 34. Ke1 Bxa2 35. Kd2 Bc4 36. Kc3 Ba6 37. Ne1 Kg6 38.
Nxd3 Kf5 39. Kd4 Bb7 40. Ne1 h5 41. b4 g4 42. b5 f3 43. hxg4+ hxg4 44. gxf3
Bxf3 45. b6 Ba8 46. Nd3 g3 47. Ke3 g2 48. Kf2 Ke6 1/2-1/2

[Event "45th Capablanca Mem Open"]
[Site "Havana CUB"]
[Date "2010.06.10"]
[Round "1"]
[White "Castellanos Sanchez,C"]
[Black "Perez Rodriguez,L"]
[Result "1/2-1/2"]
[WhiteElo "2299"]
[BlackElo "2484"]
[EventDate "2010.06.10"]

1. e4 c5 2. Nf3 d6 3. d4 cxd4 4. Nxd4 Nf6 5. Nc3 Nc6 6. Bg5 g6 7. Bxf6 exf6
8. Be2 a6 9. O-O Bg7 10. Nxc6 bxc6 11. Qd4 O-O 12. Rad1 Rb8 13. Na4 1/2-1/2

[Event "45th Capablanca Mem Open"]
[Site "Havana CUB"]
[Date "2010.06.10"]
[Round "1"]
[White "Llorente,J"]
[Black "De la Paz Perdomo,F"]
[Result "0-1"]
[WhiteElo "2295"]
[BlackElo "2477"]
[EventDate "2010.06.10"]

1. d4 Nf6 2. Nf3 g6 3. Bf4 Bg7 4. e3 O-O 5. h3 d6 6. Be2 Nc6 7. Bh2 Nd7 8.
c3 e5 9. dxe5 dxe5 10. O-O f5 11. Bb5 Qe7 12. Na3 Nb6 13. Nc4 Kh8 14. Nxb6
axb6 15. Qe2 e4 16. Nd4 Ne5 17. Qc2 c6 18. Be2 Bd7 19. a4 g5 20. Rad1 c5
21. Nb5 f4 22. Rxd7 Nxd7 23. exf4 gxf4 24. Re1 e3 25. Bd1 Rae8 26. fxe3
fxe3 0-1

[Event "45th Capablanca Mem Open"]
[Site "Havana CUB"]
[Date "2010.06.10"]
[Round "1"]
[White "Escobar Forero,A"]
[Black "Infante,M"]
[Result "1-0"]
[WhiteElo "2474"]
[BlackElo "2277"]
[EventDate "2010.06.10"]

1. d4 d5 2. Nf3 Nf6 3. Bg5 Ne4 4. Bh4 c6 5. e3 Qb6 6. Qc1 Bf5 7. Be2 Nd7 8.
c4 dxc4 9. O-O e6 10. Nbd2 Nxd2 11. Nxd2 Nf6 12. Nxc4 Qc7 13. Bg3 Qd8 14.
b4 Be7 15. a3 O-O 16. f3 h6 17. Rd1 Re8 18. Qb2 Bh7 19. Rac1 1-0

[Event "45th Capablanca Mem Open"]
[Site "Havana CUB"]
[Date "2010.06.10"]
[Round "1"]
[White "Ostos,J"]
[Black "Gongora Reyes,M"]
[Result "1/2-1/2"]
[WhiteElo "2273"]
[BlackElo "2471"]
[EventDate "2010.06.10"]

1. e4 e5 2. Nf3 Nc6 3. Bb5 Nf6 4. d3 Bc5 5. Bxc6 dxc6 6. Be3 Bd6 7. O-O c5
8. Nbd2 Bg4 9. Re1 Nd7 10. h3 Bh5 11. c3 f6 12. d4 Qe7 13. Qa4 O-O 14. Qb3+
Bf7 15. Qxb7 Rab8 16. Qa6 Rxb2 17. Nc4 Rc2 18. Rac1 Rxc1 19. Rxc1 Nb6 20.
Nfd2 cxd4 21. cxd4 exd4 22. Bxd4 Nxc4 23. Nxc4 Bf4 24. Be3 Qxe4 25. Bxf4
Qxf4 26. Ne3 Qd4 27. Qb7 Qb6 1/2-1/2

[Event "45th Capablanca Mem Open"]
[Site "Havana CUB"]
[Date "2010.06.10"]
[Round "1"]
[White "Guerra Mendez,J"]
[Black "Alonso Bouza,Julio"]
[Result "1-0"]
[WhiteElo "2471"]
[BlackElo "2268"]
[EventDate "2010.06.10"]

1. e4 e5 2. Nf3 Nc6 3. Bb5 a6 4. Ba4 Nf6 5. d3 b5 6. Bb3 Be7 7. O-O Bb7 8.
Nbd2 O-O 9. Re1 d6 10. a4 Qd7 11. Nf1 Rae8 12. Ng3 Bd8 13. axb5 axb5 14. c3
Ne7 15. d4 exd4 16. cxd4 Ng6 17. Bc2 c5 18. d5 Kh8 19. h3 Ng8 20. Nh2 N6e7
21. b3 f5 22. Nh5 Nf6 23. Nxf6 Rxf6 24. Bb2 Rff8 25. Nf3 Ng8 26. e5 dxe5
27. Nxe5 Qxd5 28. Qxd5 Bxd5 29. Nd7 Rxe1+ 30. Rxe1 Rf7 31. Nxc5 Rc7 32. b4
Be7 33. Bxf5 Bxc5 34. bxc5 Rxc5 35. Re5 Nf6 36. g4 h6 37. h4 Kg8 38. g5
hxg5 39. hxg5 Kf7 40. gxf6 gxf6 41. Be6+ Ke7 42. Ba3 fxe5 43. Bxd5 Kd6 44.
Be4 1-0

[Event "45th Capablanca Mem Open"]
[Site "Havana CUB"]
[Date "2010.06.10"]
[Round "1"]
[White "Lebredo Zaragoitia,G"]
[Black "Rasmussen,Kar"]
[Result "1/2-1/2"]
[WhiteElo "2262"]
[BlackElo "2428"]
[EventDate "2010.06.10"]

1. d4 d5 2. c4 e6 3. Nc3 c6 4. e3 Nf6 5. a3 Nbd7 6. Bd3 dxc4 7. Bxc4 b5 8.
Bd3 a6 9. b4 a5 10. Rb1 axb4 11. axb4 Bd6 12. Bd2 O-O 13. Nge2 e5 14. O-O
Qe7 15. Ng3 Nb6 16. Qc2 Nc4 17. Bxc4 bxc4 18. dxe5 Bxe5 19. Nce2 Be6 20.
Bc3 Bxc3 21. Nxc3 Rab8 22. b5 cxb5 23. Rxb5 g6 24. Rfb1 Rxb5 25. Rxb5
1/2-1/2

[Event "45th Capablanca Mem Open"]
[Site "Havana CUB"]
[Date "2010.06.10"]
[Round "1"]
[White "Ris,R"]
[Black "Guerra Mojena,L"]
[Result "1-0"]
[WhiteElo "2426"]
[BlackElo "2254"]
[EventDate "2010.06.10"]

1. d4 Nf6 2. Nf3 g6 3. c4 Bg7 4. Nc3 d5 5. Bf4 dxc4 6. e3 O-O 7. Bxc4 c6 8.
O-O Nbd7 9. Bb3 b5 10. Re1 a6 11. Ne5 Bb7 12. Qf3 Qb6 13. Qh3 Rad8 14. Bg5
Bc8 15. Qf3 Bb7 16. Qh3 Bc8 17. Qh4 c5 18. Nxd7 Rxd7 19. dxc5 Qxc5 20. Rac1
Qb6 21. e4 Bb7 22. e5 Rd4 23. exf6 Rxh4 24. fxg7 Kxg7 25. Bxh4 e6 26. Ne4
Bxe4 27. Rxe4 a5 28. Be7 Re8 29. Bc5 Qb7 30. Bd4+ f6 31. Rxe6 Rxe6 32. Bxe6
Qe4 33. Rc7+ Kh6 34. Be3+ g5 35. Bg8 f5 36. h4 f4 37. Rxh7+ Kg6 38. h5+ Kf6
39. Rf7+ 1-0

[Event "45th Capablanca Mem Open"]
[Site "Havana CUB"]
[Date "2010.06.10"]
[Round "1"]
[White "Fuentes Dominguez,F"]
[Black "Borges Feria,Y"]
[Result "1-0"]
[WhiteElo "2253"]
[BlackElo "2426"]
[EventDate "2010.06.10"]

1. d4 Nf6 2. Nc3 d5 3. Bg5 c6 4. Bxf6 exf6 5. e3 Bd6 6. Bd3 O-O 7. Nge2 Re8
8. Qd2 b5 9. O-O Nd7 10. a4 b4 11. Na2 Rb8 12. c4 dxc4 13. Bxc4 Nc5 14.
Nac1 Ne4 15. Qc2 Qc7 16. Ng3 Ng5 17. f4 Ne6 18. Nd3 Nf8 19. Rfe1 g6 20.
Rac1 Bd7 21. b3 Re7 22. Qf2 Ne6 23. Ne4 f5 24. Nf6+ Kg7 25. Qb2 Kh8 26.
Bxe6 fxe6 27. d5 Rg7 28. Nxd7 Qxd7 29. dxc6 Qc7 30. Red1 Kg8 31. Qd4 Qe7
32. Ne5 Bxe5 33. Qxe5 Rc8 34. Rd6 Kf7 35. Rcd1 1-0

[Event "45th Capablanca Mem Open"]
[Site "Havana CUB"]
[Date "2010.06.10"]
[Round "1"]
[White "Perez Garcia,Rodn"]
[Black "Pulvett,D"]
[Result "1-0"]
[WhiteElo "2424"]
[BlackElo "2243"]
[EventDate "2010.06.10"]

1. e4 c5 2. c3 Nf6 3. e5 Nd5 4. d4 cxd4 5. Qxd4 e6 6. Nf3 Nc6 7. Qe4 f5 8.
Qe2 b6 9. g3 Be7 10. Bg2 O-O 11. O-O a5 12. c4 Ba6 13. b3 a4 14. Bb2 axb3
15. axb3 Na5 16. Nd4 Rc8 17. Rd1 Qe8 18. Na3 Nb4 19. Bc3 Bb7 20. Bxb7 Nxb7
21. Nab5 f4 22. Ra7 Rb8 23. Nc7 Qg6 24. Bxb4 Bxb4 25. Na6 Bc5 26. Nxb8 Rxb8
27. Qf3 Na5 28. Ra8 1-0

[Event "45th Capablanca Mem Open"]
[Site "Havana CUB"]
[Date "2010.06.10"]
[Round "1"]
[White "Gonzalez Vega,A"]
[Black "Quesada Perez,Y"]
[Result "1/2-1/2"]
[WhiteElo "2291"]
[BlackElo "2582"]
[EventDate "2010.06.10"]

1. d4 d5 2. c4 c6 3. Nc3 Nf6 4. e3 a6 5. Qc2 b5 6. b3 g6 7. Bd3 Bg7 8. Nf3
O-O 9. Bb2 Be6 10. c5 Qc8 11. O-O Bf5 12. Ne5 Ng4 13. Bxf5 Qxf5 14. Qxf5
gxf5 15. Nd3 a5 16. h3 Nf6 17. f3 Nfd7 18. Ne2 Na6 19. a3 e6 20. b4 a4 21.
Ng3 Nf6 22. Ne5 Rac8 23. Rae1 Nb8 24. Ne2 Nfd7 25. Nd3 1/2-1/2

[Event "45th Capablanca Mem Open"]
[Site "Havana CUB"]
[Date "2010.06.10"]
[Round "1"]
[White "Morales Romero,P"]
[Black "Osorio,F"]
[Result "1-0"]
[WhiteElo "2420"]
[BlackElo "2232"]
[EventDate "2010.06.10"]

1. e4 d5 2. exd5 Nf6 3. d4 Bg4 4. Nf3 Qxd5 5. Be2 Nc6 6. h3 Bxf3 7. Bxf3
Qd6 8. O-O O-O-O 9. c3 e5 10. Qb3 e4 11. Be2 Nd5 12. Nd2 f5 13. Nc4 Qg6 14.
f4 Qg3 15. Bd2 Bd6 16. Qb5 Nce7 17. Be1 Qg6 18. Na5 Nb6 19. c4 c6 20. Qb3
c5 21. Qa3 Nd7 22. Nb3 cxd4 23. c5 Bb8 24. Nxd4 Nc6 25. Nxc6 Qxc6 26. b4 g5
27. Rc1 gxf4 28. b5 Qg6 29. c6 Ne5 30. Qe7 bxc6 31. bxc6 Bc7 32. Ba6+ Kb8
33. Rb1+ Ka8 34. Qxc7 1-0

[Event "45th Capablanca Mem Open"]
[Site "Havana CUB"]
[Date "2010.06.10"]
[Round "1"]
[White "Llaudy Pupo,L"]
[Black "Fernandez Cardoso,A"]
[Result "1-0"]
[WhiteElo "2224"]
[BlackElo "2416"]
[EventDate "2010.06.10"]

1. e4 c5 2. Nf3 Nc6 3. Bb5 e6 4. O-O Nge7 5. c3 a6 6. Ba4 b5 7. Bc2 Bb7 8.
Re1 Rc8 9. a4 d5 10. e5 Ng6 11. axb5 axb5 12. Qe2 Qb6 13. g3 Be7 14. h4 Nf8
15. Rd1 Nd7 16. d4 b4 17. Ba4 Ra8 18. Be3 Ba6 19. Qc2 O-O 20. Nbd2 f6 21.
Bxc6 Qxc6 22. exf6 Nxf6 23. Ne5 Qc8 24. Ndf3 bxc3 25. bxc3 Ne4 26. Rdc1 Bd6
27. dxc5 Nxc5 28. Bd4 Ne4 29. Kg2 Bb7 30. Rxa8 Bxa8 31. Ra1 Bb7 32. Rb1 Rf5
33. Qb2 Ba8 34. Qb6 Bc7 35. Qa7 Rf8 36. Rb2 Nd6 37. Qc5 Nf5 38. Ra2 Bb7 39.
Ra7 Nd6 40. Qb4 Bb8 41. Ra5 Ne4 42. Ra2 Bd6 43. Qb6 Bc7 44. Qb4 Nd6 45. Ra7
Rd8 46. h5 Bb8 47. Ra5 Rf8 48. h6 g6 49. Nxg6 hxg6 50. Ng5 Rf7 51. Nxf7
Kxf7 52. h7 e5 53. Bxe5 d4+ 54. f3 Bxf3+ 55. Kxf3 Qf5+ 56. Ke2 Qe4+ 57. Kd1
Qd3+ 58. Kc1 Qf1+ 59. Kc2 Qe2+ 60. Kb3 Qd1+ 61. Ka2 1-0

[Event "45th Capablanca Mem Open"]
[Site "Havana CUB"]
[Date "2010.06.10"]
[Round "1"]
[White "Delgado Ramos,H"]
[Black "Guillen Ramirez,J"]
[Result "1-0"]
[WhiteElo "2414"]
[BlackElo "2223"]
[EventDate "2010.06.10"]

1. e4 c5 2. Nf3 Nc6 3. d4 cxd4 4. Nxd4 e5 5. Nb5 a6 6. Nd6+ Bxd6 7. Qxd6
Qf6 8. Qxf6 Nxf6 9. Nc3 Nb4 10. Kd2 d6 11. f3 Be6 12. Nd1 d5 13. exd5 Nfxd5
14. c4 Nf4 15. Kc3 Nc6 16. Bxf4 exf4 17. Nf2 Rc8 18. Nd3 g5 19. Nc5 Nd8 20.
b4 Ke7 21. h4 f6 22. hxg5 fxg5 23. Nxe6 Nxe6 24. Rh6 Rcf8 25. Bd3 Rf6 26.
Rah1 Rxh6 27. Rxh6 a5 28. bxa5 Nd8 29. Be4 Kd7 30. Kd4 Nc6+ 31. Bxc6+ bxc6
32. Kc5 Kc7 33. a6 1-0

[Event "45th Capablanca Mem Open"]
[Site "Havana CUB"]
[Date "2010.06.10"]
[Round "1"]
[White "Lorenzana,W"]
[Black "Ortega,Mariano"]
[Result "0-1"]
[WhiteElo "2218"]
[BlackElo "2412"]
[EventDate "2010.06.10"]

1. e4 c5 2. Nf3 d6 3. d4 cxd4 4. Nxd4 Nf6 5. Nc3 a6 6. f4 e5 7. Nf3 Nbd7 8.
a4 Be7 9. Bc4 O-O 10. O-O b6 11. Qe2 Bb7 12. Kh1 Qc7 13. fxe5 dxe5 14. Bg5
Bb4 15. Nd5 Nxd5 16. exd5 Bd6 17. Nh4 f6 18. Bd2 g6 19. Qg4 Nc5 20. b4 Bc8
21. Qe2 Nd7 22. Ra3 f5 23. Bh6 Rf7 24. Rg3 Nf8 25. Rg5 Be7 26. d6 Qxd6 27.
Bxf7+ Kxf7 28. Nf3 e4 29. Nd2 Kg8 30. Qc4+ Qe6 31. Qd4 Bf6 32. Qe3 Bxg5 33.
Qxg5 Bb7 34. Qe3 Rd8 35. a5 bxa5 36. bxa5 Qd5 37. Nb3 Ne6 38. g3 Rc8 0-1

[Event "45th Capablanca Mem Open"]
[Site "Havana CUB"]
[Date "2010.06.10"]
[Round "1"]
[White "Hernandez Moya,Y"]
[Black "Alonso Moyano,J"]
[Result "0-1"]
[WhiteElo "2181"]
[BlackElo "2399"]
[EventDate "2010.06.10"]

1. e4 c5 2. Nf3 d6 3. d4 cxd4 4. Nxd4 Nf6 5. Nc3 a6 6. Bc4 e6 7. Bb3 Nbd7
8. O-O Nc5 9. f4 Be7 10. Qf3 O-O 11. Kh1 Qd7 12. f5 b5 13. Re1 b4 14. fxe6
fxe6 15. Na4 Nxb3 16. axb3 Rb8 17. Qe2 Kh8 18. Bd2 e5 19. Nf3 Bb7 20. Bxb4
Nxe4 21. Nc3 Nxc3 22. bxc3 Rxf3 23. gxf3 Rf8 24. Rf1 Qg4 25. Qg2 Rxf3 0-1

[Event "45th Capablanca Mem Open"]
[Site "Havana CUB"]
[Date "2010.06.10"]
[Round "1"]
[White "Miranda Llanes,Y"]
[Black "Ruiz Sanchez,O"]
[Result "0-1"]
[WhiteElo "2170"]
[BlackElo "2381"]
[EventDate "2010.06.10"]

1. d4 d5 2. c4 c6 3. Nc3 Nf6 4. Nf3 e6 5. Bg5 h6 6. Bf4 dxc4 7. e3 b5 8. a4
Bb4 9. Bxb8 Rxb8 10. axb5 cxb5 11. Rxa7 Nd5 12. Qa1 Qb6 13. Ra2 Be7 14. Qc1
b4 15. Na4 Qa5 16. Ra1 b3+ 17. Nc3 Qc7 18. Nxd5 exd5 19. Be2 c3 20. O-O c2
21. Ne5 O-O 22. f4 Bf5 23. Bd3 Be4 24. Bxe4 dxe4 25. Ra4 Bb4 26. d5 Rfd8
27. Nc6 Bd2 28. Qxd2 Qxc6 29. dxc6 Rxd2 30. Rxe4 Rc8 31. Rc4 Rd6 32. Kf2
Rdxc6 33. Rxc6 Rxc6 34. Rc1 Ra6 35. Ke2 Ra2 36. Kd2 Rxb2 37. Ra1 Rb1 0-1

[Event "45th Capablanca Mem Open"]
[Site "Havana CUB"]
[Date "2010.06.10"]
[Round "1"]
[White "Garcia Pantoja,R"]
[Black "Garcia Fuentes,S"]
[Result "1-0"]
[WhiteElo "2378"]
[BlackElo "2169"]
[EventDate "2010.06.10"]

1. e4 c5 2. Nf3 e6 3. d4 cxd4 4. Nxd4 Nf6 5. Nc3 Nc6 6. g3 Bb4 7. Bg2 O-O
8. O-O h6 9. Nxc6 dxc6 10. e5 Qxd1 11. Rxd1 Nd5 12. Ne4 b5 13. Bd2 Be7 14.
Bf1 Rb8 15. b3 Rd8 16. Ba5 Rd7 17. c4 bxc4 18. bxc4 Nb4 19. Nd6 Bxd6 20.
exd6 Na6 21. Bg2 Bb7 22. Rab1 Ba8 23. c5 Rxb1 24. Rxb1 Kh7 25. Rc1 Bb7 26.
Be4+ g6 27. Bd3 e5 28. f4 exf4 29. gxf4 Nxc5 30. Rxc5 Rxd6 31. Bc4 Rd4 32.
Bc7 f5 33. Be5 Rd1+ 34. Kf2 g5 35. Bc3 Rc1 36. Bd3 gxf4 37. Kf3 Kg8 38.
Kxf4 Kf8 39. Bg7+ 1-0